Les grands événements de 2012 - Statistiques

Statistiques générales
  • Ce quiz a été pris 20 fois
  • Le résultat moyen est 4 sur 15
Statistiques - réponses
Hint Extra Hint Réponse % Correct
Election de François Hollande comme président France 6 mai
68%
2e tour des élections législatives France 17 juin
58%
Bradley Wiggins est le premier britannique à gagner le Tour de France France 22 juillet
58%
Clôture des JO de Londres Royaume-Uni 12 août
47%
Début des tueries par Mohamed Merah France 11 mars
37%
Année du dragon Chine 23 janvier
21%
Fin des cérémonies du jubilé de diamant d'Elisabeth II Royaume-Uni 5 juin
21%
1ère émission de The Voice France 25 février
16%
Mort de Whitney Houston France 11 février
11%
Début du conflit au Mali Mali 17 janvier
11%
Inauguration de la Cité du cinéma France 21 septembre
11%
Mort de Neil Armstrong Etats-Unis 25 août
11%
Curiosity se pose sur Mars 6 août
11%
Jean Dujardin reçoit l'Oscar du Meilleur acteur France / Etats-Unis 26 février
5%
Ouverture du Louvre-Lens France 4 décembre
5%
Aucun quiz correspondant
Distribution des résultats
% des personnes avec chaque résultat
Percentile par nombre de réponses
Votre historique - résultats
Vous n’avez pas pris ce quiz